00383nam a2200121Ia 4500008004100000082001700041100002100058245004400079260004400123365000600167630004400173730004400217100415s9999 xx 000 0 und d b13610a639.9 aALLEN DURWARD L. aWildlife management: FOR REFERENCE ONLY aNEW JERSEYc1952bBOY SCOUTS OF AMERICA b0 aWildlife management: FOR REFERENCE ONLY aWildlife management: FOR REFERENCE ONLY